[Event "Bunratty Online"]
[Site "Chess.com INT"]
[Date "2021.02.20"]
[Round "8"]
[White "Adams, Michael"]
[Black "Surowka, Michal"]
[Result "1-0"]
[WhiteElo "2716"]
[BlackElo "1681"]
[PlyCount "67"]
[EventDate "2021.02.20"]
[EventType "swiss (blitz)"]
[EventRounds "9"]
[EventCountry "IRL"]
[SourceTitle "CBM 200 Extra"]
[Source "ChessBase"]
[SourceDate "2021.03.31"]
[SourceVersion "1"]
[SourceVersionDate "2021.03.31"]
[SourceQuality "1"]

1. e4 e5 2. Nf3 Nc6 3. Bb5 a6 4. Ba4 b5 5. Bb3 Bc5 6. c3 d6 7. d4 exd4 8. cxd4 Bb4+ 9. Nc3 Bg4 10. Be3 Nf6 11. 0-0 0-0 12. h3 Bh5 13. Rc1 Na5 14. g4 Bg6 15. e5 Ne4 16. Bd5 Nxc3 17. bxc3 Ba3 18. Bxa8 Bxc1 19. Bxc1 Qxa8 20. exd6 Be4 21. Nh4 cxd6 22. Re1 d5 23. f3 Bg6 24. Qe2 Qc6 25. Ba3 Rc8 26. Kg2 Nc4 27. Bc5 f6 28. Nxg6 hxg6 29. Qe7 Rc7 30. Qd8+ Kh7 31. Re8 Kh6 32. h4 g5 33. Rh8+ Kg6 34. h5+ 1-0

[Event "Bunratty Online"]
[Site "Chess.com INT"]
[Date "2021.02.20"]
[Round "6"]
[White "Surowka, Michal"]
[Black "Doluhanova, Evgeniya"]
[Result "1-0"]
[WhiteElo "1681"]
[BlackElo "2212"]
[PlyCount "85"]
[EventDate "2021.02.20"]
[EventType "swiss (blitz)"]
[EventRounds "9"]
[EventCountry "IRL"]
[SourceTitle "CBM 200 Extra"]
[Source "ChessBase"]
[SourceDate "2021.03.31"]
[SourceVersion "1"]
[SourceVersionDate "2021.03.31"]
[SourceQuality "1"]

1. e4 e5 2. Nf3 Nc6 3. Bc4 Bc5 4. 0-0 Nf6 5. d3 0-0 6. Nc3 h6 7. h3 a6 8. Be3 Ba7 9. Bxa7 Rxa7 10. a4 d6 11. d4 exd4 12. Nxd4 Nxd4 13. Qxd4 Ra8 14. Rfd1 Be6 15. Bxe6 fxe6 16. e5 Ne8 17. Ne4 d5 18. Nc5 Qe7 19. Nxb7 Rb8 20. Qa7 Rc8 21. Qxa6 c5 22. Na5 Nc7 23. Qd6 Qf7 24. f3 c4 25. Rac1 Rfd8 26. Qb6 Qf4 27. Nc6 Na8 28. Qd4 Qxd4+ 29. Nxd4 Kf7 30. b4 Nb6 31. a5 Nd7 32. b5 Nxe5 33. Re1 Kf6 34. f4 Ng6 35. Rxe6+ Kf7 36. Rce1 Rd7 37. f5 Nf8 38. a6 Rb8 39. b6 g6 40. Nc6 Rxb6 41. Ne5+ Kg8 42. Rxb6 Re7 43. Rb7 1-0